| 000 | 00630nam a2200205Ia 4500 | ||
|---|---|---|---|
| 003 | GCL | ||
| 008 | 140319s9999 xx 000 0 ara d | ||
| 040 |
_aGCL / _cGCL |
||
| 082 | 0 | 4 |
_a822.008 _bب م |
| 100 | 1 | _aيحيى حقى | |
| 245 | 1 | 0 |
_aالمأزق الحرج / _cيحيى حقى |
| 700 | 1 | _aبريستلى، ح . ب . | |
| 700 | 1 | _aمحمد كمال الدين على | |
| 300 | _a123 ص | ||
| 490 |
_aالالف كتاب _v0 |
||
| 650 | 0 | 4 | _aالمسرحيات الانجليزية |
| 650 | 0 | 4 | _aالادب الانجليزى المترجم |
| 650 | 0 | 4 | _aالادب العالمى المترجم |
| 942 |
_2ddc _cBK |
||
| 999 |
_c43484 _d43484 |
||